Welcome to CU Library Online Public Access Catalogue (OPAC)

Lippincott's cancer chemotherapy handbook / (Record no. 22)

MARC details
000 -LEADER
fixed length control field 00655pam a2200205 a 4500
001 - CONTROL NUMBER
control field 1182037
005 - DATE AND TIME OF LATEST TRANSACTION
control field 20240826134608.0
008 - FIXED-LENGTH DATA ELEMENTS--GENERAL INFORMATION
fixed length control field 970903s1998 paua bf 001 0 eng c
020 ## - INTERNATIONAL STANDARD BOOK NUMBER
International Standard Book Number 0397554702
050 00 - LIBRARY OF CONGRESS CALL NUMBER
Classification number RC271.C5
Item number B37 1998
082 00 - DEWEY DECIMAL CLASSIFICATION NUMBER
Classification number 616.99/4061
Edition information 21
100 1# - MAIN ENTRY--PERSONAL NAME
Personal name Baquiran, Delia C.
245 10 - TITLE STATEMENT
Title Lippincott's cancer chemotherapy handbook /
Statement of responsibility, etc. Delia C. Baquiran, Jean Gallagher.
260 ## - PUBLICATION, DISTRIBUTION, ETC.
Place of publication, distribution, etc. Philadelphia :
Name of publisher, distributor, etc. Lippincott,
Date of publication, distribution, etc. c1998.
300 ## - PHYSICAL DESCRIPTION
Extent xv, 373 p. :
Other physical details ill. ;
Dimensions 21 cm.
650 #0 - SUBJECT ADDED ENTRY--TOPICAL TERM
Topical term or geographic name entry element Cancer
General subdivision Chemotherapy
-- Handbooks, manuals, etc.
650 12 - SUBJECT ADDED ENTRY--TOPICAL TERM
Topical term or geographic name entry element Neoplasms
General subdivision drug therapy
-- handbooks.
700 1# - ADDED ENTRY--PERSONAL NAME
Personal name Gallagher, Jean,
Dates associated with a name 1965-
942 ## - ADDED ENTRY ELEMENTS (KOHA)
Source of classification or shelving scheme Library of Congress Classification
Koha item type Books
Suppress in OPAC No
999 ## -
-- 22
-- 22
Holdings
Withdrawn status Lost status Source of classification or shelving scheme Damaged status Not for loan Collection Home library Current library Shelving location Date acquired Total checkouts Full call number Barcode Date last seen Copy number Price effective from Koha item type
    Library of Congress Classification     Non-fiction Undergraduate Library (Christ Temple) Undergraduate Library (Christ Temple) General stacks 08/26/2024   RC271.C5 BAQ ulct00000013 08/26/2024 1 08/26/2024 Books
© 2023-2024 Copyright: Central University Libraries. All Rights Reserved | Created by: Mahone Tech Office